000 01637nam0a22003371 4500
001 rc\2272647
005 20110829191113.4
035 _a(NLR Aleph) 006553391
090 _a6765010
_c6765010
100 _a20110829d1979 |||y0rusy50 ca
101 0 _arus
102 _aRU
105 _ay z |||||
200 1 _aОгнестойкие материалы на основе эпоксидных смол
_f[Сост. Э.С. Белая, Ж.И. Степанищенко]
210 _aМосква
_cНИИТЭхим
_d1979
215 _a28 с.
_d20
225 1 _aХимическая промышленность
_eОбзор. информ.
_fМ-во хим. пром-сти, НИИ техн.-экон. исслед.
_iСерия "Эпоксидные смолы и материалы на их основе"
300 _aСост. указаны в вып. дан.
320 _aБиблиогр.: с. 17-21 (113 назв.)
606 _aСмолы эпоксидные, огнестойкие
_jОбзоры литературы информационные
_2psbo
686 _aЛ719.92,0
_2rubbk
700 1 _aБелая
_bЭ. С.
_gЭлеонора Сергеевна
701 1 _aСтепанищенко
_bЖ. И.
_gЖанна Ивановна
712 0 2 _aНИИ технико-экономических исследований Министерства химической промышленности СССР
_3RU\NLR\AUTH\8813349
801 0 _aRU
_bNLR
_gpsbo
801 1 _aRU
_bELAR
_2rusmarc
852 _aNLR
_j80-4/13742
899 _aRuMoRGB
_jB 80-9/1329
899 _aRuMoRGB
_jB 80-9/1330
942 _cBOOK
980 _aNB